000 00481nam a22001575i 4500
001 171453
003 ES-MaACL
005 20230906214634.0
008 090514s1978 sp |||| | spa d
080 _a821.134.2-32"19"
100 0 _aSola, Emilio.
_9107042
245 1 0 _aAcción, meditaciones... y muerte de Juan Bravo /
_cEmilio Sola.
260 _aMadrid :
_bLuis Manuel Rodríguez,
_c1978.
300 _a63 p. :
_bil ;
_c19 x 22 cm.
852 _aES-MaACL
_j2107-F-31
_9R.97315
999 _c171453
_d171453